| 000 | nam a22 a 4500 | ||
|---|---|---|---|
| 999 |
_c75 _d75 |
||
| 003 | AKMAL | ||
| 005 | 20170413160918.0 | ||
| 008 | 000627s1989 xxka 001 eng d | ||
| 040 | _aAKMAL | ||
| 082 | 0 | 4 |
_a923.2595 _221 |
| 090 | 0 | 0 |
_a923.2595 _bMAH.A |
| 100 | 1 |
_aAdshead, Robin, _d1934- _9228 |
|
| 245 | 1 | 0 |
_aMahathir of Malaysia / _cRobin Adshead |
| 260 |
_aUnited Kingdom : _bHibiscus Pub. , _c1989 |
||
| 300 | 0 | 0 |
_a[iv], [187]p. : _bill.(some col.) ; _c25cm. |
| 600 | 0 | 0 |
_aMahathir bin Mohamad, _cDato' Seri, _d1925- _95 |
| 650 | 0 |
_aPrime ministers _zMalaysia _vBiography _947 |
|
| 650 | 0 |
_aPoliticians _zMalaysia _vBiography _9215 |
|
| 651 | 0 |
_aMalaysia _xPolitics and government _944 |
|
| 942 |
_2ddc _cBOOK |
||